000 01410nam0a2200361 4500
001 RU\NLR\BIBL_A\011351228
005 20260407145032.0
010 _a978-5-9905022-5-3
021 _aRU
_b2017-11626
_9855
035 _a(NLR Aleph) 011351228
090 _a11246260
_c11246260
100 _a20170322d2016 |||y0rusy50 ca
101 0 _aeng
102 _aRU
105 _aa z 001zy
200 1 _aDiamond fund
_eguide
_f[Irina Borodycheva, Irina Polynina]
210 _aMoscow
_cArtifo
_d2016
215 _a215 с.
_cил., цв. ил., портр.
_d22
320 _aБиблиогр.: с. 200-201
320 _aУказ.: с. 202-213
541 1 _aАлмазный фонд
601 0 2 _a"Алмазный фонд", выставка
_jПутеводители
_yМосква, город
_92183433
_3RU\NLR\AUTH\6601549294
606 1 _aЮвелирное искусство русское
_jПутеводители
_z18 - 20 вв.
_92244813
_3RU\NLR\AUTH\661346789
686 1 _aЩ125.444.3(2Р=Рус)я23
686 1 _aЩ101.3(2Р)-2Москва7Алмазный фонд России я23
702 1 _aBorodyčeva
_bI.S.
_gIrina Sergeevna
_4220
710 0 2 _8eng
_aDiamond fund of Russian Federation
_7ba
_3RU\NLR\AUTH\8810088717
_9678995
942 _cBOOK
980 _aNB